000 00449nam a2200145Ia 4500
008 100204s9999 xx 000 0 und d
082 _b26654
100 _aसप्रे मधुवंती
245 _aअर्जुनी
260 _b"क्रांतीवैभव प्रकाशन, सांगली"
_c2005
300 _a130
630 _aअर्जुनी
730 _aअर्जुनी
942 _cBOOK
999 _c471835
_d471832